Health promotion in nursing practice / (Record no. 710)

000 -LEADER
fixed length control field 01753nam a22004817a 4500
001 - CONTROL NUMBER
control field 12268166
003 - CONTROL NUMBER IDENTIFIER
control field OSt
005 - DATE AND TIME OF LATEST TRANSACTION
control field 20210421074049.0
008 - FIXED-LENGTH DATA ELEMENTS--GENERAL INFORMATION
fixed length control field 010102s2002 njua b 001 0 eng c
010 ## - LIBRARY OF CONGRESS CONTROL NUMBER
LC control number 2001016328
020 ## - INTERNATIONAL STANDARD BOOK NUMBER
International Standard Book Number 0130319503 (paper)
035 ## - SYSTEM CONTROL NUMBER
System control number (DNLM)101084123
040 ## - CATALOGING SOURCE
Original cataloging agency DNLM/DLC
Transcribing agency DLC
Modifying agency eng
Language of cataloging eng
041 ## - LANGUAGE CODE
Language code of text/sound track or separate title eng
042 ## - AUTHENTICATION CODE
Authentication code pcc
050 00 - LIBRARY OF CONGRESS CALL NUMBER
Classification number RT67
Item number .P56 2002
060 10 - NATIONAL LIBRARY OF MEDICINE CALL NUMBER
Classification number WS 350.2
Item number G798c 2001
080 ## - UNIVERSAL DECIMAL CLASSIFICATION NUMBER
Universal Decimal Classification number 616-08
Item number P-41
082 00 - DEWEY DECIMAL CLASSIFICATION NUMBER
Classification number 613
Edition number 21
100 1# - MAIN ENTRY--PERSONAL NAME
Personal name Pender, Nola J.,
Dates associated with a name 1941-
245 10 - TITLE STATEMENT
Title Health promotion in nursing practice /
Statement of responsibility, etc. Nola J. Pender, Carolyn L. Murdaugh, Mary Ann Parsons.
Remainder of title / by :Prentice Hall,
250 ## - EDITION STATEMENT
Edition statement 4th edition
260 ## - PUBLICATION, DISTRIBUTION, ETC.
Place of publication, distribution, etc. Upper Saddle River, NJ :
Name of publisher, distributor, etc. Prentice Hall,
Date of publication, distribution, etc. c2002.
300 ## - PHYSICAL DESCRIPTION
Extent xi, 340 p. :
Other physical details ill. ;
Dimensions 24 cm.
504 ## - BIBLIOGRAPHY, ETC. NOTE
Bibliography, etc. note Includes bibliographical references and index.
650 #0 - SUBJECT ADDED ENTRY--TOPICAL TERM
Topical term or geographic name entry element Health promotion.
650 #0 - SUBJECT ADDED ENTRY--TOPICAL TERM
Topical term or geographic name entry element Patient Care
9 (RLIN) 285
650 #0 - SUBJECT ADDED ENTRY--TOPICAL TERM
Topical term or geographic name entry element Preventive health services.
650 #0 - SUBJECT ADDED ENTRY--TOPICAL TERM
Topical term or geographic name entry element Nursing.
650 12 - SUBJECT ADDED ENTRY--TOPICAL TERM
Topical term or geographic name entry element Health Promotion
Form subdivision Nurses' Instruction.
650 12 - SUBJECT ADDED ENTRY--TOPICAL TERM
Topical term or geographic name entry element Nursing Care
Form subdivision Nurses' Instruction.
650 22 - SUBJECT ADDED ENTRY--TOPICAL TERM
Topical term or geographic name entry element Health Behavior
Form subdivision Nurses' Instruction.
650 22 - SUBJECT ADDED ENTRY--TOPICAL TERM
Topical term or geographic name entry element Health Policy
Form subdivision Nurses' Instruction.
653 ## - INDEX TERM--UNCONTROLLED
Uncontrolled term პაციენტის მოვლა
653 ## - INDEX TERM--UNCONTROLLED
Uncontrolled term ჯანსაღი ცხოვრების წესი
653 ## - INDEX TERM--UNCONTROLLED
Uncontrolled term ჯანდაცვის პოლიტიკა
700 1# - ADDED ENTRY--PERSONAL NAME
Personal name Murdaugh, Carolyn L.
700 1# - ADDED ENTRY--PERSONAL NAME
Personal name Parsons, Mary Ann.
906 ## - LOCAL DATA ELEMENT F, LDF (RLIN)
a 7
b cbc
c orignew
d 1
e ocip
f 20
g y-gencatlg
942 ## - ADDED ENTRY ELEMENTS (KOHA)
Source of classification or shelving scheme
Koha item type Books
Edition 4
Holdings
Withdrawn status Lost status Source of classification or shelving scheme Damaged status Not for loan Permanent location Current location Date acquired Inventory number Total Checkouts Full call number Barcode Date last seen Price effective from Koha item type
          Ken Walker International University Ken Walker International University 12/18/2020 2232   616-08 P-41 2232 12/18/2020 12/18/2020 Books

Powered by Koha